Thomas Müntzer, teólogo de la revolución / (Registro nro. 7383)
[ vista simple ]
| 000 -LEADER | |
|---|---|
| fixed length control field | 01915nam a22002777a 4500 |
| 003 - CONTROL NUMBER IDENTIFIER | |
| control field | OSt |
| 005 - DATE AND TIME OF LATEST TRANSACTION | |
| control field | 20210301115356.0 |
| 008 - FIXED-LENGTH DATA ELEMENTS--GENERAL INFORMATION | |
| fixed length control field | 210301s1962 sp ||||er|||| 00| 0dspa d |
| 040 ## - CATALOGING SOURCE | |
| Original cataloging agency | CO-JMCR |
| Transcribing agency | CO-JMCR |
| 041 1# - LANGUAGE CODE | |
| Language code of text/sound track or separate title | spa |
| Language code of original | ger |
| 082 04 - DEWEY DECIMAL CLASSIFICATION NUMBER | |
| Classification number | 922.443 / |
| Item number | B651t |
| Edition number | 23 |
| 100 1# - MAIN ENTRY--PERSONAL NAME | |
| Personal name | Bloch, Ernst, |
| Relator term | autor |
| 9 (RLIN) | 14136 |
| 245 10 - TITLE STATEMENT | |
| Title | Thomas Müntzer, teólogo de la revolución / |
| Statement of responsibility, etc. | Bloch Ernst ; traducción del texto alemán y de las notas a la edición francesa Jorge Deike Robles ; notas de Maurice de Gandillac |
| 260 ## - PUBLICATION, DISTRIBUTION, ETC. | |
| Place of publication, distribution, etc. | Madrid : |
| Name of publisher, distributor, etc. | Editorial Ciencia nueva, |
| Date of publication, distribution, etc. | 1962 |
| 300 ## - PHYSICAL DESCRIPTION | |
| Extent | 255 páginas ; |
| Dimensions | 22 cm. |
| 490 0# - SERIES STATEMENT | |
| Series statement | Cruz verde ; |
| Volume/sequential designation | 22 |
| 500 ## - GENERAL NOTE | |
| General note | Título original: Thomas Munzer als theologe der revolution. |
| 500 ## - GENERAL NOTE | |
| General note | Incluye datos biográficos y fotografía del autor. |
| 520 3# - SUMMARY, ETC. | |
| Summary, etc. | Ellos tasan y chupan a los pobres la médula de los huesos, y encima hemos de pagarles nosotros intereses por ello. ¿Y qué hay de los envidadores y especuladores, de los jugadores y cambistas, más ahítos que perro que vomita? ¿Y los del mangoneo y el derecho de capitación? ¡Malditos sean su feudo infamante, su derecho de expolio! ¿Y qué decir de los tiranos y energúmenos, que para sí reservan impuestos, peajes y tasas y tan escandalosamente despilfarran lo que debiera ir a parar a la bolsa común para servir de provecho al país? Y, ay de aquél que ose rezongar, pues, cual si se tratara de un facineroso, se lo llevan a escape y lo empalan o decapitan o descuartizan; y hay menos compasión para con él que para con un perro rabioso. ¿Les ha dado Dios tal poder? ¿En qué borla de birrete está escrito?. |
| 546 ## - LANGUAGE NOTE | |
| Language note | Traducido del alemán. |
| 600 14 - SUBJECT ADDED ENTRY--PERSONAL NAME | |
| Personal name | Münzer, Thomas, |
| Dates associated with a name | 1489-1525 |
| 9 (RLIN) | 14137 |
| 650 14 - SUBJECT ADDED ENTRY--TOPICAL TERM | |
| Topical term or geographic name entry element | Teología y revolución |
| Chronological subdivision | Siglo XVI |
| Geographic subdivision | Alemania |
| 9 (RLIN) | 14138 |
| 650 14 - SUBJECT ADDED ENTRY--TOPICAL TERM | |
| Topical term or geographic name entry element | Revolución campesina |
| Chronological subdivision | Siglo XVI |
| Geographic subdivision | Alemania |
| 9 (RLIN) | 14139 |
| 700 1# - ADDED ENTRY--PERSONAL NAME | |
| Personal name | Deike Robles, Jorge, |
| Relator term | traductor |
| 9 (RLIN) | 14140 |
| 942 ## - ADDED ENTRY ELEMENTS (KOHA) | |
| Source of classification or shelving scheme | Dewey Decimal Classification |
| Koha item type | Books |
| Withdrawn status | Lost status | Source of classification or shelving scheme | Damaged status | Not for loan | Collection code | Home library | Current library | Date acquired | Source of acquisition | Full call number | Barcode | Date last seen | Copy number | Price effective from | Koha item type | Public note |
|---|---|---|---|---|---|---|---|---|---|---|---|---|---|---|---|---|
| Dewey Decimal Classification | Non-fiction | Biblioteca Pública José María del Castillo y Rada | Biblioteca Pública José María del Castillo y Rada | 10/02/2020 | Donación | 922.443 / B651t | 201811407 | 05/16/2024 | Ej.1 | 03/01/2021 | Books | Exlibris: Firma en guarda del libro. |